000 01025cam a22002651i 4500
003 SA-RiAUC
005 20250901080809.0
008 250830s1988 ly g 00010 ara c
040 _aSA-AhKFU
_bara
_cSA-RiAUC
_erda
050 0 4 _b. S53 1988
082 0 4 _a415.1
090 _a415.1
_b ش ي خ
100 1 _aالشيخ، أحمد محمد
_eمؤلف.
245 1 0 _aكتب الألغاز والأحاجي اللغوية وعلاقتها بأبواب النحو المختلفة /
_cأحمد محمد الشيخ.
246 3 _aالألغاز والأحاجي اللغوية
250 _aالطبعة الثانية.
264 1 _aمصراته، ليبيا :
_bالدار الجماهيرية،
_c1988
300 _a687 صفحة ؛
_c24 سم
336 _aنص
_btxt
_2rdacontent
_3كتاب
337 _aبدون وسيط
_bn
_2rdamedia
338 _aمجلد
_bnc
_2rdacarrier
650 7 _aاللغة العربية
_xنحو
_2aucsh
942 _2ddc
_cBOOK
_n0
949 _aSA-JeALM
_d250830
_umohamedma123
_n1
999 _c11333
_d11333